| 000 | 00548nam a2200181 4500 | ||
|---|---|---|---|
| 001 | 132231 | ||
| 003 | ES-MaACL | ||
| 005 | 20230906194131.0 | ||
| 007 | t| | ||
| 008 | 070214s1970 sp r ||||1| spa d | ||
| 100 | 1 |
_aRokossovski, Konstantin K. _999121 |
|
| 245 | 1 | 3 |
_aEl deber de un soldado / _cKonstantin K. Rokossovski ; traducción de Angel C. Tomás. |
| 250 | _a1ª. ed. | ||
| 260 |
_aBarcelona : _bBruguera, _c1970. |
||
| 300 |
_a350 p., 8 lám. ; _c21 cm. |
||
| 700 | 1 |
_aTomás, Angel C. _9110498 |
|
| 852 |
_aES-MaACL _jC-39716 _bR.73487 |
||
| 999 |
_c132231 _d132231 |
||